| 000 | 00632nam a2200217Ia 4500 | ||
|---|---|---|---|
| 003 | OSt | ||
| 005 | 20260129120829.0 | ||
| 008 | 210210b1956 xxu||||| |||| 00| 0 eng d | ||
| 040 | _cAL | ||
| 041 | _aKannada | ||
| 082 | _a853/310 | ||
| 100 |
_aMURTI (A S) _dಮೂರ್ತಿ (ಎ ಎಸ್) _9253105 |
||
| 245 |
_aKshetrada kage _bಕ್ಷೇತ್ರದ ಕಾಗೆ |
||
| 260 |
_aBengaLUru _bEch En Rav Bradars _c1956 |
||
| 650 |
_aKShEtrada _9253106 |
||
| 650 |
_akAge _9253107 |
||
| 690 |
_aKannada Drama _9253108 |
||
| 700 |
_aNAVARATNARAMA _dನವರತ್ನರಾಮ _9253109 |
||
| 906 | _a019586 | ||
| 942 |
_2ddc _cBK |
||
| 999 |
_c143720 _d143720 |
||